| 000 | 00347 a2200109 4500 | ||
|---|---|---|---|
| 020 | _a3433014493 | ||
| 082 | _a624.1513 SMO | ||
| 100 | _aSmoltczyk, Ulrich | ||
| 245 |
_aGeotechnical engineering Handbook [vol 1] _cEditor Ulrich Smoltczyk |
||
| 260 |
_aBerlin : _bErnst and Sohn A Wiley Company, _c2002 |
||
| 300 |
_axx, 787p. : _bill. ; _c25 cm |
||
| 650 | _aGeotechnical engineering | ||
| 999 |
_c1010 _d1010 |
||